000 01382nam a22003374i 4500
999 _c46075
_d46075
001 19713
003 CO-MdFUSB
005 20180419120818.0
008 180209t1950 xxu||||| |||| 00| 0 eng d
020 _a080283289X
040 _aCO-MdFUSB
_bspa
_cCO-MdFUSB
_dCO-MdFUSBC
_erda
041 _aeng
082 _224
_a227.8706
_bW524e
100 1 _aWestcott, Brooke Foss
_eautor
242 _aLa epístola a los hebreos
_b: el texto griego con notas y ensayos
_lInglés
245 1 0 _aThe epistle to the Hebrews
_b: The Greek text with notes and essays
_c/ Brooke Foss Westcott
260 _aLondon : Macmillan
264 1 _aMichigan :
_bEerdmans Publishing Company,
_c℗[1950]
264 4 _c©1950
300 _axii, 504 páginas
_c23 cm.
336 _2rdacontent
_atexto
_btxt
337 _2rdamedia
_asin mediación
_bn
338 _2rdacarrier
_avolumen
_bnc
500 _aIncluye índices (p. 497-504)
501 _aPasta dura
505 0 0 _aIntroducción a la epístola a los hebreos - Texto Título - Posición - Lenguaje original - Destinación - Fecha - Lugar del escrito - Estilo y lenguaje - Plan - Características - Historia y paternidad literaria - La epístola a los hebreos y la epístola de Bernabé - Texto y notas - El uso del Antiguo Testamento en la epístola
650 7 _9418
_aHermenéutica
653 _aExégesis
653 _aHebreos
942 _cBK